00403nam a2200121 a 450000500170000000800410001702000180005805000210007610000180009724500890011526000460020444000310025020140412111423.0080201s19uu xx 00 eng d a971-518-126-6 aFil EbBo63 2007 aPastor, Boots aThe boy who cried wolf :bAng Batang nagsinungaling tungkol sa Lobo /cBoots Pastor. aPhilippines :bLampara Publishing,c2007. aStories with moral lessons